Možnosti využitia modelu CAF a spoločensky zodpovedné podnikanie v zariadení sociálnych služieb
Model CAF ako nástroj komplexného manažérstva kvality. Zariadenia sociálnych služieb. Domov sociálnych služieb Hrabiny Nová Baňa. Spoločensky zodpovedné podnikanie.
Saved in:
| Main Author: | |
|---|---|
| Format: | Book Chapter |
| Language: | Slovak |
| Subjects: | |
| Tags: |
No Tags, Be the first to tag this record!
|
MARC
| LEADER | 00000naa$a2200000$$$4500 | ||
|---|---|---|---|
| 001 | 0089426 | ||
| 005 | 20231012065544.4 | ||
| 041 | 0 | |a slo | |
| 044 | |a SK | ||
| 245 | 1 | 0 | |a Možnosti využitia modelu CAF a spoločensky zodpovedné podnikanie v zariadení sociálnych služieb |c Andrea Jančeková |
| 520 | |a Model CAF ako nástroj komplexného manažérstva kvality. Zariadenia sociálnych služieb. Domov sociálnych služieb Hrabiny Nová Baňa. Spoločensky zodpovedné podnikanie. | ||
| 610 | 2 | 0 | |a kvalita |
| 610 | 2 | 0 | |a modely |
| 610 | 2 | 0 | |a podnikanie |
| 610 | 2 | 0 | |a služby sociálne |
| 100 | 1 | |a Jančeková, Andrea | |